000 00647nam a22002057a 4500
003 OSt
005 20230605112157.0
008 230605b |||||||| |||| 00| 0 eng d
020 _a9789789054930
040 _aAIU Library - Kenya
_cAIU Library - Kenya
_dAIU Library - Kenya
050 _aBV 4501.3
_b.B35 2021
100 _aBajah, Victor T.
_955035
245 _aEyes opened :
_bseeing Jesus and His kingdom
_cVictor T. Bajah.
260 _aNigeria :
_bAfrica Christian Textbooks (ACTS),
_cc2021.
300 _axiv, 152 p.;
500 _a[Africana]
504 _aIncludes bibliography.
650 _aChristian life.
_955165
942 _2lcc
_cBK
999 _c67641
_d67615